La Suprema Corte de Estados Unidos

Gespeichert in:
Bibliographische Detailangaben
1. Verfasser: Hughes, Charles Evans (VerfasserIn)
Format: Buch
Sprache:Spanisch
Veröffentlicht: Ciudad de México Fondo de Cultura Económica 1946
Schlagworte:
Tags: Tag hinzufügen
Keine Tags, Fügen Sie den ersten Tag hinzu!

MARC

LEADER 00000nam a2200000 a 4500
001 UCS1024
003 CL-VaPUC
008 970506e19460000MX |||||||||||||||||spa|d
082 0 4 |a 347.732  |b HUG  |2 21 
100 |a Hughes, Charles Evans  |e author  |9 385008 
245 1 3 |a La Suprema Corte de Estados Unidos 
300 |a 244 p 
942 |c BK 
945 |d 19970506 00:00:00  |a paguirre 
260 |a Ciudad de México  |b Fondo de Cultura Económica  |c 1946 
650 0 |a Tribunales  |9 254872 
650 0 |a Corte suprema   |9 370023 
650 0 |a Administración de justicia  |9 382749 
650 0 |a Jueces  |9 256162 
650 0 |a Libertad individual  |9 352859 
651 0 |a Estados Unidos  |9 255178 
583 |a last modification  |c 19970506 00:00:00  |k Rodrigo Vera 
999 |c 259135  |d 259133 
952 |0 0  |1 0  |4 0  |6 347_732000000000000_HUG_1946  |7 0  |8 A  |9 283711  |a BIBDER  |b BIBDER  |d 2019-11-19  |i 1841556  |o 347.732 HUG 1946  |p 1841556  |r 2023-01-25  |w 2019-11-19  |y BK  |k DER